| 000 | 00466cam a2200169ua 4500 | ||
|---|---|---|---|
| 020 | _a81-7648-101-7 | ||
| 041 |
_aeng _h |
||
| 082 |
_a530 _bMAZ/TE |
||
| 100 | _aMazumdar, B . | ||
| 245 |
_aText book of energy technology : Both conventional & renewable source of energy / _cB Mazumdar. _hTextual Documents |
||
| 260 |
_aIndia : _bA P H Publishing Corporation , _c1999. |
||
| 300 | _a ; . | ||
| 504 | _a | ||
| 650 | _aPhysics | ||
| 942 | _cBK | ||
| 999 |
_c541 _d541 |
||